Správne vyplňovanie formulárov

Bibliographic Details
Main Author: Duša, Ivan (Author)
Format: Article
Language:Slovak
ISSN:1335-4795
Subjects:

MARC

LEADER 00000nab a2200000 a 4500
001 vtls000877352
003 SK-MaSNL
005 20260302160823.0
008 180205c2004 xo 0 slo
015 |a SNBRB2004/06-19736 
035 |a CLN000228904 
040 |a SNKBUCL  |b slo  |c SNKBUCL  |e AACR2 
041 0 |a slo 
044 |a xo  |c SK 
080 |a 369  |2 UDC-MRF-SK2 
100 1 |a Duša, Ivan  |4 aut  |9 791179 
245 1 0 |a Správne vyplňovanie formulárov  |c Ivan Duša 
650 0 7 |a sociálne poistenie  |x formuláre  |2 snkbucl  |9 27731 
655 7 |a články z novín a časopisov  |2 snkbucl  |9 267496 
773 0 |x 1335-4795  |t Národné poistenie  |g Roč. 36, č. 6 (2004), s. 18-19 
850 |a Slovenská národná knižnica v Martine 
852 |a SNK  |b KIS3GCP 
958 |a RBX 
999 |c 1375621  |d 1377551